Social psychology : (Record no. 57558)
[ view plain ]
| 000 -LEADER | |
|---|---|
| fixed length control field | 00855nam a2200277 a 4500 |
| 001 - CONTROL NUMBER | |
| control field | 57558 |
| 003 - CONTROL NUMBER IDENTIFIER | |
| rucl marc code | BD-RjUL |
| 005 - DATE AND TIME OF LATEST TRANSACTION | |
| control field | 20211209080527.0 |
| 008 - FIXED-LENGTH DATA ELEMENTS--GENERAL INFORMATION | |
| fixed length control field | 161210s1981 enka b 001 0 eng |
| 020 ## - INTERNATIONAL STANDARD BOOK NUMBER | |
| International Standard Book Number | 0205072380 : |
| Terms of availability | $18.95 |
| International Standard Book Number | 0205077145 |
| 035 ## - SYSTEM CONTROL NUMBER | |
| System control number | (BD-RjUL)57682 |
| 040 ## - CATALOGING SOURCE | |
| Original cataloging agency | DLC |
| Transcribing agency | DLC |
| Modifying agency | DLC |
| Language of cataloging | eng |
| 041 ## - LANGUAGE CODE | |
| Language code of text/sound track or separate title | eng |
| 082 00 - DEWEY DECIMAL CLASSIFICATION NUMBER | |
| Classification number | 302 |
| Edition number | 23 |
| Author mark and year | BAS 1981 |
| 100 1# - MAIN ENTRY--PERSONAL NAME | |
| Personal name | Baron, Robert A. |
| 9 (RLIN) | 170919 |
| 245 10 - TITLE STATEMENT | |
| Title | Social psychology : |
| Remainder of title | understanding human interaction / |
| Statement of responsibility, etc. | Robert A. Baron and Donn Byrne. |
| 250 ## - EDITION STATEMENT | |
| Edition statement | 3d ed. |
| 260 ## - PUBLICATION, DISTRIBUTION, ETC. (IMPRINT) | |
| Place of publication, distribution, etc. | Boston : |
| Name of publisher, distributor, etc. | Allyn and Bacon Inc., |
| Date of publication, distribution, etc. | c1981. |
| 300 ## - PHYSICAL DESCRIPTION | |
| Pagination | xviii, 633 p. : |
| Illustrations | ill. ; |
| Size | 25 cm. |
| 504 ## - BIBLIOGRAPHY, ETC. NOTE | |
| Bibliography, etc | Includes indexes and Bibliography: p. [577]-620. |
| 650 #0 - SUBJECT ADDED ENTRY--TOPICAL TERM | |
| Topical term or geographic name as entry element | Social psychology. |
| 9 (RLIN) | 170365 |
| 700 1# - ADDED ENTRY--PERSONAL NAME | |
| Personal name | Byrne, Donn Erwin, |
| Relator term | joint author. |
| 942 ## - ADDED ENTRY ELEMENTS (KOHA) | |
| Source of classification or shelving scheme | Dewey Decimal Classification |
| Koha item type | Books |
| Lost status | Source of classification or shelving scheme | Damaged status | Not for loan | Collection code | Permanent Location | Current Location | Shelving location | Date acquired | Source of acquisition | Total Checkouts | Full call number | Date last seen | Copy number | Koha item type |
|---|---|---|---|---|---|---|---|---|---|---|---|---|---|---|
| Dewey Decimal Classification | Not For Loan | Non-fiction | Central Library, University of Rajshahi | Central Library, University of Rajshahi | Reading Room | 12/12/1984 | Asia foundation | 302 BAS 1981 | 10/12/2016 | C-1 | Books |